| 000 | 00863nam a2200289 a 4500 | ||
|---|---|---|---|
| 001 | 24419 | ||
| 003 | CO-ViMGA | ||
| 008 | 141112s2004 ck r 000 u spa d | ||
| 020 | _a9789583034343 | ||
| 040 |
_aCO-ViMGA _bspa _cCO-ViMGA |
||
| 041 | _aSPA | ||
| 090 | _aP ACO | ||
| 100 | 1 |
_aAcosta, Patricia _9373 |
|
| 245 | 1 | 0 |
_aSe va el caimán / _cTexto e ilustraciones Patricia Acosta |
| 260 |
_aBogotá : _bPanAméricana, _c2011 |
||
| 300 | _a40 p. : il. col. | ||
| 490 | _aQue pase el tren | ||
| 650 | 1 | 4 |
_aANIMALES - POESIA _915710 |
| 650 | 1 | 4 |
_aAUTORES COLOMBIANOS _932 |
| 650 | 1 | 4 |
_aDESDE LOS 18 MESES _936031 |
| 650 | 1 | 4 |
_aILUSTRADORES COLOMBIANOS _936032 |
| 650 | 1 | 4 |
_aJUEGOS CON LA PALABRA _936033 |
| 650 | 1 | 4 |
_aLEER ES MI CUENTO - COLECCION 2011 _936034 |
| 650 | 1 | 4 | _aRIMAS INFANTILES |
| 700 | 1 |
_aAcosta, Patricia _9373 |
|
| 942 |
_2ddc _cBK |
||
| 999 |
_c32326 _d32326 |
||